| 000 -CABECERA |
| fixed length control field |
01249nam a22002177a 4500 |
| 003 - IDENTIFICADOR DEL NÚMERO DE CONTROL |
| control field |
AR-CdUCM |
| 008 - DATOS DE LONGITUD FIJA--INFORMACIÓN GENERAL |
| fixed length control field |
190410b ||||| |||| 00| 0 spa d |
| 040 ## - FUENTE DE LA CATALOGACIÓN |
| Agencia/entidad que catalogó originalmente la obra |
MUNICIPALIDAD PROVINCIAL DEL CUSCO |
| Entidad que transcribió la catalogación |
BIBLIOTECA MUNICIPAL DEL CUSCO |
| 082 ## - NÚMERO DE LA CLASIFICACIÓN DECIMAL DEWEY |
| No. de Clasificación |
869.5009 / |
| Notacion interna |
A91 |
| 100 ## - ENTRADA PRINCIPAL--NOMBRE DE PERSONA |
| Nombre Personal |
Avendaño, Angel |
| 245 ## - MENCIÓN DE TÍTULO |
| Título |
Historia de la literatura del Qosqo : |
| Resto del título |
del tiempo mítico al siglo XX / |
| 260 ## - PUBLICACIÓN, DISTRIBUCIÓN, ETC. |
| Lugar de publicación, distribución, etc. |
Qosqo : |
| Nombre de la editorial, distribuidor, etc. |
Municipalidad del Qosqo, |
| Fecha de publicación, distribución, etc. |
1993. |
| 300 ## - DESCRIPCIÓN FÍSICA |
| Nº de Páginas Extensión |
3 tomos ; |
| Otros detalles físicos |
Fotografías, |
| Dimensiones |
26 cm. |
| 505 ## - NOTA DE CONTENIDO CON FORMATO |
| Nota de contenido formateada |
Contenido parcial: t.1. Paisajes y hombres - Qosqo en su literatura - Poesía quechua inka - Narración prehispánica - Teatro quechua - El inka Garcilaso de la Vega - Francisco de Avila - Juan Espinoza Medrano. -Crónica Virreinal. Apu Ollantay - Narciso Aréstegui - Clorinda Matto de Turner -- t.2. Literatura del siglo XX en el Qosqo - Narradores del veinte - Profesores escritores. Poetas profesores - Narración indigenista - Periodismo - Historiadores - Generación del setenta - Ciencias sociales y qosqorunismo -- t.3. Antología. |
| 650 ## - PUNTO DE ACCESO ADICIONAL DE MATERIA--TÉRMINO DE MATERIA |
| Descriptor |
Literatura peruana |
| 9 (RLIN) |
169 |
| 650 ## - PUNTO DE ACCESO ADICIONAL DE MATERIA--TÉRMINO DE MATERIA |
| Descriptor |
Cusco |
| 9 (RLIN) |
772 |
| 650 ## - PUNTO DE ACCESO ADICIONAL DE MATERIA--TÉRMINO DE MATERIA |
| Descriptor |
Historia y crítica |
| 9 (RLIN) |
5993 |
| 710 ## - PUNTO DE ACCESO ADICIONAL--NOMBRE DE ENTIDAD CORPORATIVA |
| Nombre corporativo (En letras Mayúsculas) |
Municipalidad del Qosqo |
| 9 (RLIN) |
6414 |
| 942 ## - ELEMENTOS DE PUNTO DE ACCESO ADICIONAL (KOHA) |
| Fuente de clasificación |
|
| Tipo de item |
Libros-BMC |
| 945 ## - PROCESAMIENTO DE INFORMACIÓN LOCAL (OCLC) |
| Catalogador |
davv |
| AAAA-MM-DD - Fecha de ingreso o modificacion |
10/04/2019 |